|
|
|
|
| LEADER |
00988nam a2200289 a 4500 |
| 001 |
1386 |
| 003 |
BD-DhAAL |
| 005 |
20150617094155.0 |
| 008 |
150617s1986 nyua b 001 0 eng |
| 010 |
|
|
|a 85012644
|
| 020 |
|
|
|a 0394341465 :
|c $29.95
|
| 020 |
|
|
|a 0394356896 (pbk. : v. 1)
|
| 020 |
|
|
|a 039435690X (pbk. : v. 2)
|
| 040 |
|
|
|a DLC
|c DLC
|d DLC
|d BD-DhAAL
|
| 050 |
0 |
0 |
|a E183.7
|b .C656 1986
|
| 082 |
0 |
0 |
|a 327.73/009
|2 19
|
| 100 |
1 |
|
|a Combs, Jerald A.
|9 8051
|
| 245 |
1 |
4 |
|a The history of American foreign policy /
|c Jerald A. Combs.
|
| 250 |
|
|
|a 1st ed.
|
| 260 |
|
|
|a New York :
|b Knopf,
|c c1986.
|
| 300 |
|
|
|a xix, 516 p. :
|b ill. ;
|c 25 cm.
|
| 504 |
|
|
|a Includes bibliographies and index.
|
| 541 |
|
|
|e 1386
|
| 651 |
|
0 |
|a United States
|x Foreign relations.
|9 12190
|
| 942 |
|
|
|2 ddc
|c BK
|
| 999 |
|
|
|c 34757
|d 34757
|
| 952 |
|
|
|0 0
|1 0
|2 ddc
|4 0
|6 327_730090000000000_COM
|7 0
|9 54364
|a SCL
|b SCL
|c GEN
|d 2015-06-17
|e Gift: The Asia Foundation
|l 0
|o 327.73009 COM
|p 3020001386
|r 2015-06-17
|t 1
|w 2015-06-17
|y BK
|